• 首页
  • 本馆介绍
  • 公告通知
  • 最新文献
  • 馆藏检索
  • 电子资源
  • 读者导购
  • 参考咨询
  • 我的图书馆
  • 登录
  • 详细信息显示
  • 放入我的书架
  • 预约/预借图书
  • 作者相关作品
  • 分类相关作品
  • 丛书相关作品
  • 出版社相关作品

书目信息

  • 表格格式
  • 工作单格式
  • 卡片格式
题名:
瑞士玩全攻略
    
 
作者: ;瑞士玩全攻略编辑部 编著
分册:  
出版信息: 桂林   广西师范大学出版社  2014.03
页数: 215页
开本: 22cm
丛书名: 考拉旅行
单 册:
中图分类: K952.29
科图分类:
主题词: 旅游指南--瑞士 , 旅游指南
电子资源:
ISBN: 978-7-5495-4669-5
000 01162oam2 2200325 450
001 0120141237323
005 20140610082414.40
010    @a978-7-5495-4669-5@dCNY49.80
100    @a20140308d2014 em y0chiy0110 ea
101 0  @achi
102    @aCN@b450000
105    @aab z 001yy
106    @ar
200 1  @a瑞士玩全攻略@9rui shi wan quan gong lue@dSwitzerland guide & map@f《瑞士玩全攻略》编辑部编著@zeng
210    @a桂林@c广西师范大学出版社@d2014.03
215    @a215页@c图,地图@d22cm
225 2  @a考拉旅行@vZY007
225 2  @a自由行系列丛书
330    @a《瑞士玩全攻略》主要内容包括:玩转伯尔尼、玩转苏黎世、玩转卢塞恩、玩转日内瓦、玩转日内瓦湖区、玩转卢加诺、玩转瑞士其他、玩转列支敦士登。
333    @a旅游爱好者
461  0 @12001 @a考拉旅行@vZY007
461  0 @12001 @a自由行系列丛书
510 1  @aSwitzerland guide & map@zeng
512 1  @a瑞士玩全攻略@9rui shi wan quan gong lue@e2014-2015最新全彩版
606 0  @a旅游指南@y瑞士
606 0  @a旅游指南
690    @aK952.29@v5
711 02 @a瑞士玩全攻略编辑部@9rui shi wan quan gong lue bian ji bu@4编著
801  0 @aCN@b人天书店@c20140308
905    @b846872-74@dK952.29@e234@f3
    
    瑞士玩全攻略=Switzerland guide & map/《瑞士玩全攻略》编辑部编著.-桂林:广西师范大学出版社,2014.03
    215页:图,地图;22cm.-(考拉旅行;ZY007).-(自由行系列丛书)
    使用对象:旅游爱好者
    
    ISBN 978-7-5495-4669-5:CNY49.80
    《瑞士玩全攻略》主要内容包括:玩转伯尔尼、玩转苏黎世、玩转卢塞恩、玩转日内瓦、玩转日内瓦湖区、玩转卢加诺、玩转瑞士其他、玩转列支敦士登。
●
相关链接 在E读中查询图书 在五车中查询图书 在当当中查询图书 在豆瓣中查询图书


正题名:瑞士玩全攻略     索取号:K952.29/234         预约/预借

序号 登录号 条形码 馆藏地/架位号 状态 备注
1 846872   208468727   第二样本阅览室/ [索取号:K952.29/234] 在馆    
2 846873   208468736   第二借阅区/ [索取号:K952.29/234] 在馆    
3 846874   208468745   密集书库-资源管理系/ [索取号:K952.29/234] 在馆    
唐山师范学院图书馆 欢迎您!
大连网信软件有限公司© 版权所有